清教徒的脚踪 = (Record no. 39071)
[ view plain ]
| 000 -LEADER | |
|---|---|
| fixed length control field | 00898cam a2200277Ia 4500 |
| 001 - CONTROL NUMBER | |
| control field | .b18749094 |
| 008 - FIXED-LENGTH DATA ELEMENTS--GENERAL INFORMATION | |
| fixed length control field | 111024s2011 cc b 001 0 chi d |
| 020 ## - INTERNATIONAL STANDARD BOOK NUMBER | |
| International Standard Book Number | 9787508062228 (平裝) : |
| Terms of availability | NT$179 |
| 040 ## - CATALOGING SOURCE | |
| Original cataloging agency | HUA |
| Transcribing agency | BSOP |
| Modifying agency | CFT |
| -- | RDI |
| 041 1# - LANGUAGE CODE | |
| Language code of text/sound track or separate title | chi |
| Language code of original and/or intermediate translations of text | eng |
| 042 ## - AUTHENTICATION CODE | |
| Authentication code | nbic |
| 050 ## - LIBRARY OF CONGRESS CALL NUMBER | |
| Classification number | BX9327 |
| 100 1# - MAIN ENTRY--PERSONAL NAME | |
| Linkage | 880-01 |
| Personal name | 鐘馬田 |
| Relator term | 著 |
| Fuller form of name | (Lloyd-Jones, David Martyn) |
| 240 10 - UNIFORM TITLE | |
| Uniform title | Puritan papers. |
| Language of a work | Chinese. |
| 245 10 - TITLE STATEMENT | |
| Title | 清教徒的脚踪 = |
| Statement of responsibility, etc | 钟马田(Martyn Lioyd-Jones)等著 ; 梁素雅 ... [et al.]等译 |
| Remainder of title | Puritan papers / |
| 250 ## - EDITION STATEMENT | |
| Edition statement | 北京第1版 |
| 260 ## - PUBLICATION, DISTRIBUTION, ETC. (IMPRINT) | |
| Place of publication, distribution, etc | 北京市 : |
| Name of publisher, distributor, etc | 华夏, |
| Date of publication, distribution, etc | 2011. |
| 300 ## - PHYSICAL DESCRIPTION | |
| Extent | 350 p. ; |
| Dimensions | 24cm |
| 490 0# - SERIES STATEMENT | |
| Series statement | 新教文库. 清教徒译丛 |
| 500 ## - GENERAL NOTE | |
| General note | 简体字版 |
| 500 ## - GENERAL NOTE | |
| General note | 著者改譯勞瓊斯 |
| 504 ## - BIBLIOGRAPHY, ETC. NOTE | |
| Bibliography, etc | 含參考書目及索引 |
| 700 1# - ADDED ENTRY--PERSONAL NAME | |
| Personal name | 梁素雅 |
| Relator term | 譯 |
| 880 1# - ALTERNATE GRAPHIC REPRESENTATION | |
| Linkage | 100-01/$1 |
| a | 勞瓊斯 |
| c | (Lloyd-Jones, David Martyn) |
| 942 ## - ADDED ENTRY ELEMENTS (KOHA) | |
| Source of classification or shelving scheme | Library of Congress Classification |
| Item type | Books |
| Withdrawn status | Lost status | Source of classification or shelving scheme | Damaged status | Not for loan | Home library | Current library | Shelving location | Date acquired | Accession number | Total Checkouts | Full call number | Barcode | Date last seen | Price effective from | Koha item type |
|---|---|---|---|---|---|---|---|---|---|---|---|---|---|---|---|
| Library of Congress Classification | BSOP Library | BSOP Library | Chinese Books (General Circulation) | 07/02/2015 | C-13970 | CH BX 9327 L77 | 00046373 | 07/02/2015 | 07/02/2015 | Books |
